Zákon o autoškolách s komentárom
Zákon č. 93/2005 Z.z. o autoškolách - vyplynul zo snahy EÚ o zlepšenie bezpečnosti premávky na pozemných komunikáciách. Úloha majiteľov autoškôl a ich školiteľov vynakladať optimálne úsilie na čo najkvalitnejšiu prípravu žiadateľov.
Gespeichert in:
| 1. Verfasser: | |
|---|---|
| Format: | Buchkapitel |
| Sprache: | Slowakisch |
| Schlagworte: | |
| Tags: |
Keine Tags, Fügen Sie das erste Tag hinzu!
|
MARC
| LEADER | 00000naa$a2200000$$$4500 | ||
|---|---|---|---|
| 001 | 0028469 | ||
| 005 | 20230919100327.1 | ||
| 041 | 0 | |a slo | |
| 044 | |a SK | ||
| 245 | 1 | 0 | |a Zákon o autoškolách s komentárom |c Jaroslav Bartl |
| 520 | |a Zákon č. 93/2005 Z.z. o autoškolách - vyplynul zo snahy EÚ o zlepšenie bezpečnosti premávky na pozemných komunikáciách. Úloha majiteľov autoškôl a ich školiteľov vynakladať optimálne úsilie na čo najkvalitnejšiu prípravu žiadateľov. | ||
| 610 | 2 | 0 | |a doprava cestná |
| 610 | 2 | 0 | |a automobilizmus |
| 610 | 2 | 0 | |a kurzy |
| 610 | 2 | 0 | |a bezpečnosť dopravy |
| 610 | 2 | 0 | |a zákony |
| 610 | 2 | 0 | |a komentáre |
| 610 | 2 | 0 | |a Slovensko |
| 610 | 2 | 0 | |a 2005 |
| 100 | 1 | |a Bartl, Jaroslav | |